| 000 | 00581nam a22002057a 4500 | ||
|---|---|---|---|
| 999 |
_c2806 _d2806 |
||
| 003 | AR-CdUCM | ||
| 008 | 190305b ||||| |||| 00| 0 spa d | ||
| 040 |
_aMUNICIPALIDAD PROVINCIAL DEL CUSCO _cBIBLIOTECA MUNICIPAL DEL CUSCO |
||
| 041 | _hrus | ||
| 082 |
_a891 / _bT68 |
||
| 100 |
_aTolstoi, Leon _99772 |
||
| 245 | _aInfancia Adolescencia y Juventud / | ||
| 260 |
_aMoscú : _bProgreso ; |
||
| 300 |
_a422 páginas ; _c21cm |
||
| 505 | _aNovela | ||
| 650 |
_aLiteratura rusa _99773 |
||
| 700 |
_aVicente, Isabel (traducción) _99774 |
||
| 942 |
_2ddc _cLIBROS |
||
| 945 | _anom | ||